000 00848nam a2200265 a 4500
001 000010424
003 OSt
005 20240412074307.0
007 ta
008 091007s1984 dr 000 p spa d
040 _aDO-SdBNP
_bspa
_cBNPHU
082 4 _aRD861.44
_bJ86s 1984
_222
100 1 _aJovine Bermúdez, Federico,
_d1944-2017
_925425
245 1 0 _aSalvo error u omisión /
_cFederico Jovine Bermúdez.
250 _a2a. ed.
260 _aSanto Domingo :
_bAlfa & Omega,
_c1984.
300 _a125 p. ;
_c20 cm.
500 _aIncluye datos biográficos del autor en la contracubierta.
590 _a1 ejemplar dedicado a Aida Cartagena Portalatin.
590 _aInventariado, 2020/ YL
650 0 _aPoesía dominicana
_966
650 0 _aLiteratura dominicana.
_967
910 _aValidado. Control de calidad MFF
942 _2ddc
_cLBS1
999 _c48955
_d48955